Statistics for Ace Attorney 1 All Characters

Click here to take the quiz!

General Stats

  • This quiz has been taken 50 times
  • The average score is 28 of 33

Answer Stats

CaseCharacter% Correct
The First TurnaboutLarry Butz
100%
The First TurnaboutPhoenix Wright
100%
Turnabout SistersMaya Fey
98%
The First TurnaboutMia Fey
98%
The First TurnaboutThe Judge
98%
Turnabout SamuraiWill Powers
98%
Turnabout SistersApril May
95%
Turnabout GoodbyesManfred Von Karma
95%
Turnabout SistersMiles Edgeworth
95%
Turnabout SistersRedd White
95%
Turnabout GoodbyesYanni Yogi
95%
Rise from the AshesDamon Gant
93%
The First TurnaboutFrank Sahwit
93%
Turnabout SamuraiWendy Oldbag
93%
Turnabout SistersDick Gumshoe
90%
Rise from the AshesEma Skye
90%
Rise from the AshesLana Skye
90%
The First TurnaboutWinston Payne
90%
The First TurnaboutCindy Stone
88%
Turnabout SamuraiDee Vasquez
86%
Turnabout SamuraiCody Hackins
83%
Turnabout SamuraiJack Hammer
83%
Rise from the AshesJake Marshall
83%
Turnabout GoodbyesLotta Hart
83%
Turnabout SistersThe Bellboy
83%
Rise from the AshesAngel Starr
79%
Turnabout SamuraiSal Manella
79%
Turnabout GoodbyesGregory Edgeworth
74%
Rise from the AshesNeil Marshall
71%
Turnabout SamuraiPenny Nichols
71%
Rise from the AshesMike Meekins
69%
Turnabout GoodbyesRobert Hammond
60%
Rise from the AshesJoe Darke
48%

Score Distribution

Percentile by Number Answered

Percent of People with Each Score

Your Score History

You have not taken this quiz